Guess the Title - One Direction (Four) - Statistics

General Stats
  • This quiz has been taken 549 times
  • The average score is 11 of 16
Answer Stats
Hint Answer % Correct
Every jaw drops when she's in those jeans Steal My Girl
88%
Long before we both thought the same think 18
83%
Escape from the city and follow the sun Ready to Run
79%
She's falling, doesn't even know it yet Night Changes
78%
Who's gonna be the first to say goodbye Spaces
77%
Used to sing about being free but now he changed his mind Stockholm Syndrome
71%
I move a little slow when I dance Act My Age
70%
You're not a constant star Fool's Gold
66%
Hotter than a jet stream burning up Fireproof
63%
Let's pray we stay young, stay made of lightning Girl Almighty
62%
You're gonna wish you never left me Clouds
58%
Heart devoured No Control
56%
Don't play innocent, I know what you meant Change Your Ticket
55%
I promise falling for me won't be a mistake Illusion
55%
Out loud someone's calling my name, it sounds like you Once in a Lifetime
49%
Love was something you've never heard enough Where Do Broken Hearts Go?
47%
No matching quizzes found
Score Distribution
Percent of People with Each Score
Percentile by Number Answered
Your Score History
You have not taken this quiz